Countries Bordering Their Neighbours On This Quiz - Sudden Death - Statistics

General Stats
  • This quiz has been taken 17 times
  • The average score is 11 of 23
Answers on the Grid
Answers color-coded by a green-red scale on the quiz's grid according to % correct below.
Eritrea
Chad
Ethiopia
Libya
Sudan
Algeria
Egypt
Israel
Jordan
Lebanon
Syria
Kuwait
Iran
Turkey
Saudi Arabia
Iraq
Greece
Romania
Bulgaria
Moldova
Ukraine
North Macedonia
Russia
Hungary
Azerbaijan
Serbia
Armenia
Czech Republic
Georgia
China
Tajikistan
India
Kazakhstan
Uzbekistan
Afghanistan
Kyrgyzstan
Turkmenistan
Pakistan
Nepal
Bhutan
 
Answer Stats
Answer % Correct
Iraq
75%
Eritrea
63%
Kuwait
63%
Saudi Arabia
63%
Sudan
63%
Tajikistan
63%
Uzbekistan
63%
Afghanistan
50%
China
50%
Egypt
50%
Kazakhstan
50%
Lebanon
50%
Romania
50%
Syria
50%
Azerbaijan
38%
Bulgaria
38%
Georgia
38%
Israel
38%
Iran
25%
Serbia
25%
Turkey
25%
Turkmenistan
25%
North Macedonia
13%
No matching quizzes found
Score Distribution
Percent of People with Each Score
Percentile by Number Answered
Your Score History
You have not taken this quiz